[Event "Top 12 FRA-chT 2017"]
[Site "Chartres"]
[Date "2017.05.26"]
[Round "9"]
[White "Maisuradze, Nino"]
[Black "De Seroux, Camille"]
[Result "1-0"]
[WhiteElo "2260"]
[BlackElo "2117"]
[Annotator "NA"]
[PlyCount "57"]
[EventDate "2017.??.??"]
[EventType "team-tourn"]
[EventCountry "FRA"]
[SourceTitle "playchess.com"]
[Source "ChessBase"]
[SourceQuality "1"]
[WhiteTeam "Bischwiller"]
[BlackTeam "Grasse Echecs"]
[TimeControl "40/5400+30:1800+30"]

1. d4 {[%emt 0:00:00]} Nf6 {[%emt 0:00:10]} 2. Nf3 {[%emt 0:00:00]} e6 {[%emt 0:00:12]} 3. Bf4 {[%emt 0:00:09]} c5 {[%emt 0:00:47]} 4. e3 {[%emt 0:01:43]} d5 {[%emt 0:00:46]} 5. Nbd2 {[%emt 0:00:46]} Nc6 {[%emt 0:00:54]} 6. c3 {[%emt 0:00:29]} Bd6 {[%emt 0:02:13]} 7. Bg3 {[%emt 0:03:19]} O-O {[%emt 0:01:42]} 8. Bd3 {[%emt 0:02:07]} b6 {[%emt 0:04:35]} 9. Ne5 {[%emt 0:02:25]} Bb7 {[%emt 0:01:52]} 10. f4 {[%emt 0:01:28]} Ne7 {[%emt 0:09:51]} 11. Qb1 {[%emt 0:06:32]} cxd4 {[%emt 0:14:29]} 12. exd4 {[%emt 0:00:36]} Ng6 {[%emt 0:00:32]} 13. O-O {[%emt 0:03:23]} Nh5 {[%emt 0:03:04]} 14. Ndf3 {[%emt 0:17:56]} Qc8 {[%emt 0:15:10]} 15. f5 {[%emt 0:19:35]} Nxe5 {[%emt 0:20:01]} 16. Bxe5 {[%emt 0:03:18]} Bxe5 {[%emt 0:00:57]} 17. Nxe5 {[%emt 0:04:15]} Nf6 {[%emt 0:02:43]} 18. fxe6 {[%emt 0:10:46]} Qxe6 {[%emt 0:08:35]} 19. Bf5 {[%emt 0:03:21]} Qd6 {[%emt 0:01:08]} 20. Qd3 {[%emt 0:00:38]} Ne4 {[%emt 0:04:58]} 21. Qh3 {[%emt 0:06:22]} g6 {[%emt 0:04:20]} 22. Nxf7 {[%emt 0:02:32]} Rxf7 {[%emt 0:01:06]} 23. Be6 {[%emt 0:00:09]} Ng5 {[%emt 0:00:57]} 24. Bxf7+ {[%emt 0:00:06]} Nxf7 {[%emt 0:00:06]} 25. Rxf7 {[%emt 0:00:22]} Kxf7 {[%emt 0:00:13]} 26. Qxh7+ {[%emt 0:00:03]} Ke8 {[%emt 0:00:54]} 27. Re1+ {[%emt 0:01:07]} Kd8 {[%emt 0:00:23]} 28. Qxb7 {[%emt 0:00:44]} Rc8 {[%emt 0:00:05]} 29. Qf7 1-0

[Event "Top 12 FRA-chT 2017"]
[Site "Chartres"]
[Date "2017.05.26"]
[Round "9"]
[White "Congiu, Mathilde"]
[Black "Guerlin Dit De Guer, Clarisse"]
[Result "1-0"]
[WhiteElo "2248"]
[BlackElo "1278"]
[Annotator "NA"]
[PlyCount "45"]
[EventDate "2017.??.??"]
[EventType "team-tourn"]
[EventCountry "FRA"]
[SourceTitle "playchess.com"]
[Source "ChessBase"]
[SourceQuality "1"]
[WhiteTeam "Bois-Colombes"]
[BlackTeam "Montpellier"]
[TimeControl "40/5400+30:1800+30"]

1. e4 {[%emt 0:00:00]} e6 {[%emt 0:00:03]} 2. d3 {[%emt 0:00:14]} d5 {[%emt 0:00:24]} 3. Nd2 {[%emt 0:00:08]} Nf6 {[%emt 0:00:32]} 4. Ngf3 {[%emt 0:00:15]} Be7 {[%emt 0:00:59]} 5. g3 {[%emt 0:00:15]} O-O {[%emt 0:01:29]} 6. Bg2 {[%emt 0:00:36]} b6 {[%emt 0:05:48]} 7. O-O {[%emt 0:00:33]} Bb7 {[%emt 0:01:01]} 8. e5 {[%emt 0:00:36]} Nfd7 {[%emt 0:00:52]} 9. Re1 {[%emt 0:00:24]} c5 {[%emt 0:00:40]} 10. Nf1 {[%emt 0:00:39]} Re8 {[%emt 0:05:47]} 11. h4 {[%emt 0:01:33]} h6 {[%emt 0:03:21]} 12. N1h2 {[%emt 0:01:33]} Nf8 {[%emt 0:10:50]} 13. h5 {[%emt 0:04:47]} Nbd7 {[%emt 0:04:04]} 14. Bf4 {[%emt 0:03:39]} f6 {[%emt 0:15:36]} 15. Ng4 {[%emt 0:04:47]} Nh7 {[%emt 0:09:55]} 16. c3 {[%emt 0:10:16]} Ng5 {[%emt 0:05:28]} 17. exf6 {[%emt 0:02:02]} Nxf6 {[%emt 0:00:20]} 18. Nfe5 {[%emt 0:08:12]} Nxh5 {[%emt 0:03:17]} 19. Nxh6+ {[%emt 0:00:30]} gxh6 {[%emt 0:04:07]} 20. Qxh5 {[%emt 0:00:28]} Bf6 {[%emt 0:10:20]} 21. Bxg5 {[%emt 0:01:43]} Bxg5 {[%emt 0:01:54]} 22. Qf7+ {[%emt 0:00:00]} Kh8 {[%emt 0:00:31]} 23. Ng6# {[%emt 0:00:16]} 1-0

[Event "Top 12 FRA-chT 2017"]
[Site "Chartres"]
[Date "2017.05.26"]
[Round "9"]
[White "Cappon, John"]
[Black "Delorme, Axel"]
[Result "1/2-1/2"]
[WhiteElo "2197"]
[BlackElo "2514"]
[Annotator "TA"]
[PlyCount "112"]
[EventDate "2017.??.??"]
[EventType "team-tourn"]
[EventCountry "FRA"]
[SourceTitle "playchess.com"]
[Source "ChessBase"]
[SourceQuality "1"]
[WhiteTeam "Saint Quentin"]
[BlackTeam "Clichy"]

{[%evp 13,112,10,58,28,47,44,43,35,45,45,45,35,66,66,86,67,64,22,43,16,22,25,65,52,54,17,5,4,39,0,50,0,0,-36,0,0,-1,-23,-26,-35,-23,-14,17,-68,47,0,0,0,0,0,0,0,0,6,46,54,51,0,0,0,0,0,0,0,0,0,0,0,0,0,0,0,0,0,0,0,0,0,0,0,0,0,0,0,0,0,0,0,0,0,122,0,0,0,0,0,0,0,0,0,0]} 1. e4 e5 2. Nf3 Nc6 3. Bc4 Nf6 4. d3 Be7 5. O-O O-O 6. Re1 d6 7. c3 Kh8 8. Nbd2 {C55: Two Knights: 4 d3, 4 d4 exd4 5 e5 and Max Lange Attack} Nd7 9. d4 exd4 10. Nxd4 $146 {White is slightly better.} ({Predecessor:} 10. cxd4 Nb6 11. Be2 f5 12. Bd3 Bf6 13. Nb3 fxe4 14. Bxe4 Bg4 15. Be3 {½-½ (29) Nikonova,I (1924)-Schankin,S (1682) Uljanovsk 2014}) 10... Nxd4 11. cxd4 Nb6 12. Bd3 d5 13. e5 f5 14. Nb3 Be6 15. Na5 Rb8 16. Qc2 Nd7 17. Nb3 c6 18. Bd2 Rc8 19. Nc5 Nxc5 20. dxc5 g5 21. f4 g4 22. g3 h5 23. h3 Kg7 24. Re2 d4 25. b4 Qd5 26. Rf2 gxh3 27. Kh2 $1 Rf7 28. Be2 (28. Rc1 $11) 28... Rh8 (28... h4 $15 29. gxh4 Kh8) 29. Rg1 Qxa2 30. Qxa2 Bxa2 31. Ra1 Be6 32. Rxa7 h4 33. Rf3 Bd8 34. Be1 Rd7 35. gxh4 ({White should try} 35. Ra8 $1 $14) 35... Bxh4 $11 36. Bxh4 Rxh4 37. Bd3 Rg4 38. Rg3 Rxg3 39. Kxg3 {[%mdl 4096] Endgame KRB-KRB} Kg6 40. Kxh3 Bd5 41. Kg3 Be4 42. Ra3 Bxd3 43. Rxd3 {KR-KR} Kf7 44. Kh4 Ke6 45. Kg5 Rd8 {[#] Strongly threatening ...Rg8+.} 46. Kg6 Rd7 47. Kg5 Rd5 48. Kg6 Rd8 49. Kg7 Ke7 50. Kg6 Ke6 51. Kg7 Kd5 (51... Rd7+ $11 {keeps the balance.} 52. Kh6 Rd8) 52. Rd1 (52. Kf7 $16 Kc4 53. Rd1 Kxb4 54. Ke7 (54. e6 Kxc5 55. e7 Rb8 $11)) 52... Ke6 {[#] Hoping for ...d3.The position is equal.} 53. Rd3 Rd7+ 54. Kg6 Rd8 55. Kg7 Rd7+ 56. Kg6 Rd8 {Precision: White = 48%, Black = 62%.} 1/2-1/2

[Event "Top 12 FRA-chT 2017"]
[Site "Chartres"]
[Date "2017.05.26"]
[Round "9"]
[White "Grollemund, Bertrand"]
[Black "Cornette, Matthieu"]
[Result "0-1"]
[WhiteElo "2182"]
[BlackElo "2593"]
[Annotator "TA"]
[PlyCount "70"]
[EventDate "2017.??.??"]
[EventType "team-tourn"]
[EventCountry "FRA"]
[SourceTitle "playchess.com"]
[Source "ChessBase"]
[SourceQuality "1"]
[WhiteTeam "Montpellier"]
[BlackTeam "Bois-Colombes"]

{[%evp 14,70,20,19,15,20,14,30,48,44,27,-1,0,-2,-5,-5,-5,-4,0,-40,-30,-57,-34,-53,-45,-84,-81,-123,-115,-220,-199,-194,-194,-187,-187,-197,-193,-231,-220,-248,-204,-310,-313,-300,-240,-304,-307,-439,-331,-387,-392,-388,-346,-600,-395,-1207,-1226,-1081,-1076]} 1. e4 e6 2. d4 d5 3. e5 c5 4. c3 Nc6 5. Nf3 Bd7 6. Be2 Nge7 7. O-O Ng6 8. g3 Be7 {C02: French: Advance Variation} 9. h4 {[%cal Bh2h4,Bh4h5,Bh5h6][%mdl 32]} cxd4 10. cxd4 O-O {White has an edge.} 11. h5 (11. Nbd2 f6 12. exf6 Bxf6 13. Nb3 Kh8 14. h5 Nge7 15. Bf4 Nf5 16. Bb5 Ncxd4 17. Nfxd4 Nxd4 18. Nxd4 {½-½ (31) Volokitin,A (2627)-Ivanisevic,I (2643) Doha 2014}) 11... Nh8 {[%cal Bg6h8,Bh8f7,Bf7d6,Bd6c4][%mdl 32]} 12. h6 g6 13. Nbd2 f6 14. exf6 Bxf6 15. Nb3 b6 16. Nh2 Nf7 $146 17. Be3 Nd6 18. Rc1 a5 {[%cal Ba7a5,Ba5a4][%mdl 32]} 19. Bg4 a4 20. Na1 Nc4 21. b3 (21. Nf3 $17) 21... axb3 22. axb3 Nxe3 23. fxe3 Bg5 24. Rxf8+ Qxf8 25. Rc3 Bxh6 26. Nc2 Nb4 {[%cal Bc6b4,Bb4a2,Ba2c3,Bc3e4][%mdl 32]} 27. Nf1 (27. Nxb4 {keeps fighting.} Qxb4 28. Qd2) 27... Na2 $19 28. Rd3 Qd6 29. Rd2 Nc3 30. Qf3 (30. Qe1 $142 Ne4 31. Rh2) 30... Ne4 31. Rh2 Rf8 32. Qg2 Bb5 33. Bf3 $2 (33. Be2 Rf2 34. Qxf2 Nxf2 35. Kxf2 Qf8+ 36. Kg1 Bxe2 37. Rxe2) 33... Bg7 {...Qc7 is the strong threat.} 34. Rh4 $2 (34. Be2 Rf2 35. Qxf2 Nxf2 36. Rxf2) 34... Bxf1 35. Kxf1 {[#]} Rxf3+ $1 {[%mdl 512] Precision: White = 26%, Black = 62%.} 0-1

[Event "Top 12 FRA-chT 2017"]
[Site "Chartres"]
[Date "2017.05.26"]
[Round "9"]
[White "Marie, Maxime"]
[Black "Rambaldi, Francesco"]
[Result "0-1"]
[WhiteElo "2177"]
[BlackElo "2542"]
[Annotator "TA"]
[PlyCount "70"]
[EventDate "2017.??.??"]
[EventType "team-tourn"]
[EventCountry "FRA"]
[SourceTitle "playchess.com"]
[Source "ChessBase"]
[SourceQuality "1"]
[WhiteTeam "Lisieux"]
[BlackTeam "Nice Alekhine"]

{[%evp 18,70,26,0,0,0,4,-79,-71,-88,-80,-77,-72,-113,-104,-116,-73,-66,-77,-82,-89,-79,-7,-12,0,-6,-18,-16,0,0,0,0,0,0,0,-179,-59,-140,-12,-147,-147,-345,-331,-415,-405,-516,-497,-29980,-29981,-29981,-29982,-29976,-1384,-29998,-29999]} 1. e4 e6 2. d4 d5 3. Nd2 c5 4. Ngf3 cxd4 5. exd5 Qxd5 6. Bc4 Qd8 7. O-O Nc6 8. Nb3 a6 {C07: French Tarrasch: 3...c5, 4 Ngf3 and 4 exd5 Qxd5} 9. a4 (9. Nfxd4 Nxd4 10. Nxd4 Qc7 11. Qe2 Bd6 12. g3 Ne7 13. Rd1 O-O 14. Nf3 b5 15. Bd3 Bb7 {½-½ (73) Karthikeyan,M (2585)-Ganguly,S (2653) Chengdu 2017}) 9... Nf6 10. Qe2 {LiveBook: 4 Games} Bd6 {The position is equal.} 11. Rd1 e5 {[%cal Be6e5,Be5e4][%mdl 32]} 12. c3 $146 (12. Nbxd4 $11 Nxd4 13. Rxd4 (13. Nxd4 O-O $15)) ({Predecessor:} 12. Nbxd4 Nxd4 13. Rxd4 Qe7 14. Rxd6 Qxd6 15. b3 Be6 16. Ba3 Bxc4 17. Qxc4 {½-½ (38) Narayanan,S (2476)-Sedlak,N (2518) Palic 2016}) 12... O-O $17 13. cxd4 e4 14. Ne5 Qc7 15. Bg5 Bxe5 16. dxe5 Bg4 ({Much weaker is} 16... Qxe5 $6 17. Bxf6 Qxf6 18. Qxe4 $11) 17. Qe3 Bxd1 18. exf6 Ne5 $1 {[%cal Re5c4]} 19. Bf4 Bh5 (19... Qxc4 $17 20. Bxe5 Qe2 21. fxg7 Rfe8 22. Qxe2 Bxe2) 20. Rc1 {Threatens to win with Qg3.} Bg6 $1 21. Qg3 $132 {[%mdl 2048] White is not keeping still} gxf6 {And now ...Qd8 would win.} 22. h4 $1 {[%cal Rh4h5] Black must now prevent h5.} Qe7 {Strongly threatening ...Rad8.} 23. h5 $1 {[%cal Rh5g6]} Nxc4 24. Rxc4 Rac8 25. hxg6 hxg6 26. Nc5 $2 (26. Rd4 $11 {and White is okay.}) 26... Rfd8 (26... Rxc5 $19 27. Bd6 Qxd6 $1 {[%mdl 512]} 28. Qxd6 Rxc4 29. Qxf6 Rxa4) 27. b4 (27. Be3 $1 $15) 27... Rd1+ 28. Kh2 {[#]} Kg7 $1 {...Rh8+ is the strong threat.} 29. Bh6+ $2 (29. Qc3 $17 {is the only way for White.}) 29... Kxh6 $19 30. Rxe4 Qc7 31. Rf4 {intending Qh4+.} Kg7 {( -> ...Rh8+)} 32. Kh3 (32. Rh4 $19) 32... Rh8+ 33. Kg4 Qe5 {[%csl Gg6,Gh8][%cal Re5h5]} 34. Qe3 Rh4+ (34... Qh5+ $142 35. Kg3 Rg1 36. Rxf6 Qh2+ 37. Kf3 Qxg2+ 38. Ke2 Qf1+ 39. Kd2 Qc1+ 40. Kd3 Rd8+ 41. Nd7 Rxd7+ 42. Rd6 Rxd6+ 43. Qd4+ Rxd4+ 44. Kxd4 Rd1+ 45. Ke4 Qc4+ 46. Ke3 Rd3+ 47. Ke2 Qe4+ 48. Kf1 Rd1#) 35. Kxh4 Qg5+ {Precision: White = 39%, Black = 64%.} 0-1

[Event "Top 12 FRA-chT 2017"]
[Site "Chartres"]
[Date "2017.05.26"]
[Round "9"]
[White "Haussernot, Cecile"]
[Black "Steil-Antoni, Fiona"]
[Result "1/2-1/2"]
[WhiteElo "2099"]
[BlackElo "2155"]
[Annotator "NA"]
[PlyCount "64"]
[EventDate "2017.??.??"]
[EventType "team-tourn"]
[EventCountry "FRA"]
[SourceTitle "playchess.com"]
[Source "ChessBase"]
[SourceQuality "1"]
[WhiteTeam "Mulhouse Philidor"]
[BlackTeam "Vandoeuvre"]
[TimeControl "40/5400+30:1800+30"]

1. e4 {[%emt 0:00:00]} d6 {[%emt 0:00:05]} 2. d4 {[%emt 0:00:00]} Nf6 {[%emt 0:00:07]} 3. Nc3 {[%emt 0:00:00]} Nbd7 {[%emt 0:00:05]} 4. f4 {[%emt 0:00:12]} e5 {[%emt 0:00:11]} 5. Nf3 {[%emt 0:00:07]} exd4 {[%emt 0:00:07]} 6. Qxd4 {[%emt 0:00:05]} c6 {[%emt 0:00:20]} 7. Be3 {[%emt 0:00:17]} d5 {[%emt 0:00:10]} 8. exd5 {[%emt 0:02:11]} Bc5 {[%emt 0:00:16]} 9. Qd3 {[%emt 0:05:53]} Qe7 {[%emt 0:00:34]} 10. Nd4 {[%emt 0:00:06]} Nb6 {[%emt 0:00:29]} 11. dxc6 {[%emt 0:00:27]} bxc6 {[%emt 0:00:13]} 12. O-O-O {[%emt 0:02:51]} Ba6 {[%emt 0:00:22]} 13. Qd2 {[%emt 0:21:54]} Bxf1 {[%emt 0:00:40]} 14. Bf2 {[%emt 0:00:38]} Nc4 {[%emt 0:17:16]} 15. Qe1 {[%emt 0:01:08]} Bxd4 {[%emt 0:10:57]} 16. Qxe7+ {[%emt 0:08:50]} Kxe7 {[%emt 0:00:11]} 17. Rxd4 {[%emt 0:00:14]} c5 {[%emt 0:04:55]} 18. Rd1 {[%emt 0:00:15]} Bxg2 {[%emt 0:06:39]} 19. Bxc5+ {[%emt 0:00:19]} Ke6 {[%emt 0:01:17]} 20. Rhe1+ {[%emt 0:00:40]} Kf5 {[%emt 0:00:43]} 21. Rd4 {[%emt 0:00:12]} Rhe8 {[%emt 0:30:51]} 22. Rxe8 {[%emt 0:02:02]} Rxe8 {[%emt 0:00:26]} 23. Rxc4 {[%emt 0:00:09]} Re1+ {[%emt 0:06:28]} 24. Kd2 {[%emt 0:00:23]} Rh1 {[%emt 0:00:02]} 25. Bxa7 {[%emt 0:02:27]} Rxh2 {[%emt 0:00:03]} 26. Rc5+ {[%emt 0:00:14]} Kg4 {[%emt 0:02:59]} 27. Rg5+ {[%emt 0:02:15]} Kf3 {[%emt 0:02:19]} 28. Bg1 {[%emt 0:23:42]} Rh1 {[%emt 0:02:32]} 29. Bd4 {[%emt 0:02:04]} Ng4 {[%emt 0:01:13]} 30. Rxg7 {[%emt 0:05:12]} f5 {[%emt 0:04:01]} 31. Ne2 {[%emt 0:02:06]} Bf1 {[%emt 0:01:02]} 32. Nc3 {[%emt 0:10:49]} Rh2+ {[%emt 0:01:26]} 1/2-1/2

[Event "Top 12 FRA-chT 2017"]
[Site "Chartres"]
[Date "2017.05.26"]
[Round "9"]
[White "Blanche, Paul"]
[Black "Bollengier, Andreea"]
[Result "0-1"]
[WhiteElo "2081"]
[BlackElo "2234"]
[Annotator "NA"]
[PlyCount "92"]
[EventDate "2017.??.??"]
[EventType "team-tourn"]
[EventCountry "FRA"]
[SourceTitle "playchess.com"]
[Source "ChessBase"]
[SourceQuality "1"]
[WhiteTeam "Lisieux"]
[BlackTeam "Nice Alekhine"]
[TimeControl "40/5400+30:1800+30"]

1. d4 {[%emt 0:00:40]} Nf6 {[%emt 0:00:17]} 2. c4 {[%emt 0:00:20]} e6 {[%emt 0:00:07]} 3. Nc3 {[%emt 0:01:30]} Bb4 {[%emt 0:00:24]} 4. e3 {[%emt 0:01:08]} O-O {[%emt 0:00:28]} 5. Nge2 {[%emt 0:02:19]} d5 {[%emt 0:03:10]} 6. a3 {[%emt 0:02:55]} Be7 {[%emt 0:02:48]} 7. Ng3 {[%emt 0:06:41]} c5 {[%emt 0:19:15]} 8. dxc5 {[%emt 0:07:28]} dxc4 {[%emt 0:00:49]} 9. Qxd8 {[%emt 0:12:47]} Rxd8 {[%emt 0:00:09]} 10. Bxc4 {[%emt 0:03:48]} Bxc5 {[%emt 0:06:32]} 11. b4 {[%emt 0:11:27]} Be7 {[%emt 0:00:25]} 12. Bb2 {[%emt 0:00:51]} a6 {[%emt 0:17:41]} 13. O-O {[%emt 0:11:12]} b5 {[%emt 0:02:40]} 14. Be2 {[%emt 0:02:20]} Bb7 {[%emt 0:00:18]} 15. Rfd1 {[%emt 0:01:43]} Nbd7 {[%emt 0:00:34]} 16. Rd2 {[%emt 0:07:42]} Nb6 {[%emt 0:00:59]} 17. Rad1 {[%emt 0:01:22]} Rxd2 {[%emt 0:03:51]} 18. Rxd2 {[%emt 0:00:09]} Rc8 {[%emt 0:00:28]} 19. f3 {[%emt 0:04:34]} Kf8 {[%emt 0:05:46]} 20. Kf2 {[%emt 0:00:30]} g6 {[%emt 0:06:55]} 21. e4 {[%emt 0:04:04]} Nc4 {[%emt 0:05:24]} 22. Bxc4 {[%emt 0:00:35]} bxc4 {[%emt 0:01:30]} 23. Nf1 {[%emt 0:05:39]} Ke8 {[%emt 0:01:13]} 24. Ne3 {[%emt 0:00:41]} Nd7 {[%emt 0:00:32]} 25. Rc2 {[%emt 0:05:28]} a5 {[%emt 0:11:21]} 26. Ncd1 {[%emt 0:02:28]} Ba6 {[%emt 0:03:23]} 27. Bc3 {[%emt 0:01:39]} f5 {[%emt 0:02:39]} 28. exf5 {[%emt 0:00:57]} gxf5 {[%emt 0:00:02]} 29. Nb2 {[%emt 0:00:07]} f4 {[%emt 0:00:20]} 30. Ng4 {[%emt 0:00:07]} h5 {[%emt 0:02:21]} 31. Ne5 {[%emt 0:00:57]} Nxe5 {[%emt 0:00:06]} 32. Bxe5 {[%emt 0:00:03]} axb4 {[%emt 0:00:04]} 33. axb4 {[%emt 0:00:16]} Bxb4 {[%emt 0:00:06]} 34. Bxf4 {[%emt 0:00:30]} c3 {[%emt 0:00:10]} 35. Na4 {[%emt 0:01:33]} Bd3 {[%emt 0:02:00]} 36. Rc1 {[%emt 0:00:05]} c2 {[%emt 0:01:07]} 37. Ke3 {[%emt 0:00:48]} Bb5 {[%emt 0:02:16]} 38. Nb2 {[%emt 0:00:39]} Ba3 {[%emt 0:00:36]} 39. Be5 {[%emt 0:00:22]} Rc5 {[%emt 0:00:34]} 40. Bd4 {[%emt 0:00:42]} Rc8 {[%emt 0:30:35]} 41. f4 {[%emt 0:09:59]} Ke7 {[%emt 0:00:00]} 42. g3 {[%emt 0:03:03]} Be8 {[%emt 0:00:00]} 43. Be5 {[%emt 0:13:10]} Bg6 {[%emt 0:00:00]} 44. Kd2 {[%emt 0:01:19]} Rc5 {[%emt 0:00:00]} 45. Ra1 {[%emt 0:01:30]} Rxe5 {[%emt 0:00:00]} 46. Rxa3 {[%emt 0:00:55]} Re2+ {[%emt 0:00:00]} 0-1

[Event "Top 12 FRA-chT 2017"]
[Site "Chartres"]
[Date "2017.05.26"]
[Round "9"]
[White "Caron, Damien"]
[Black "Dionisi, Thomas"]
[Result "0-1"]
[WhiteElo "2024"]
[BlackElo "2392"]
[Annotator "NA"]
[PlyCount "96"]
[EventDate "2017.??.??"]
[EventType "team-tourn"]
[EventCountry "FRA"]
[SourceTitle "playchess.com"]
[Source "ChessBase"]
[SourceQuality "1"]
[WhiteTeam "Montpellier"]
[BlackTeam "Bois-Colombes"]
[TimeControl "40/5400+30:1800+30"]

1. d4 {[%emt 0:00:00]} f5 {[%emt 0:00:06]} 2. Nc3 {[%emt 0:00:51]} Nf6 {[%emt 0:00:08]} 3. Bg5 {[%emt 0:00:31]} d5 {[%emt 0:00:04]} 4. f3 {[%emt 0:00:36]} c5 {[%emt 0:02:12]} 5. e3 {[%emt 0:05:55]} Nc6 {[%emt 0:01:26]} 6. Bb5 {[%emt 0:05:13]} e6 {[%emt 0:03:37]} 7. a3 {[%emt 0:03:38]} Be7 {[%emt 0:02:46]} 8. Qd2 {[%emt 0:10:17]} O-O {[%emt 0:01:09]} 9. Nge2 {[%emt 0:09:35]} Qb6 {[%emt 0:03:38]} 10. Bxc6 {[%emt 0:10:42]} Qxc6 {[%emt 0:07:27]} 11. O-O {[%emt 0:01:12]} b6 {[%emt 0:02:27]} 12. Qd3 {[%emt 0:03:48]} Bb7 {[%emt 0:02:46]} 13. Rfb1 {[%emt 0:05:20]} a5 {[%emt 0:07:50]} 14. a4 {[%emt 0:03:04]} Ba6 {[%emt 0:02:15]} 15. Qd1 {[%emt 0:00:21]} Rad8 {[%emt 0:00:24]} 16. Qe1 {[%emt 0:02:35]} Bd6 {[%emt 0:01:44]} 17. Nf4 {[%emt 0:02:23]} h6 {[%emt 0:10:34]} 18. Bxf6 {[%emt 0:03:47]} Rxf6 {[%emt 0:00:05]} 19. Nh5 {[%emt 0:02:38]} Rf7 {[%emt 0:02:19]} 20. f4 {[%emt 0:01:28]} g6 {[%emt 0:04:55]} 21. Ng3 {[%emt 0:01:08]} cxd4 {[%emt 0:00:36]} 22. exd4 {[%emt 0:01:45]} Bxf4 {[%emt 0:00:29]} 23. Nge2 {[%emt 0:02:47]} Bc7 {[%emt 0:03:16]} 24. Qd2 {[%emt 0:01:45]} g5 {[%emt 0:03:18]} 25. Qe3 {[%emt 0:01:48]} Re8 {[%emt 0:12:26]} 26. Qf3 {[%emt 0:02:50]} Bb7 {[%emt 0:02:46]} 27. Nb5 {[%emt 0:01:33]} Bb8 {[%emt 0:00:58]} 28. Qc3 {[%emt 0:00:26]} Qd7 {[%emt 0:04:00]} 29. Qh3 {[%emt 0:00:11]} Kg7 {[%emt 0:00:36]} 30. Ra3 {[%emt 0:00:43]} Bc6 {[%emt 0:00:48]} 31. Rb3 {[%emt 0:00:38]} Rfe7 {[%emt 0:00:59]} 32. Rf1 {[%emt 0:00:33]} Rc8 {[%emt 0:02:07]} 33. c3 {[%emt 0:03:56]} Rf8 {[%emt 0:00:57]} 34. Ng3 {[%emt 0:01:47]} Qe8 {[%emt 0:01:48]} 35. Ne2 {[%emt 0:01:52]} Qg6 {[%emt 0:00:58]} 36. Nc1 {[%emt 0:02:06]} f4 {[%emt 0:03:10]} 37. Qd3 {[%emt 0:00:53]} Qh5 {[%emt 0:00:30]} 38. Qh3 {[%emt 0:01:28]} Qxh3 {[%emt 0:04:27]} 39. gxh3 {[%emt 0:00:04]} Bd7 {[%emt 0:00:05]} 40. Nd3 {[%emt 0:00:25]} e5 {[%emt 0:33:38]} 41. dxe5 {[%emt 0:30:33]} Bxh3 {[%emt 0:01:52]} 42. Rd1 {[%emt 0:00:27]} Bxe5 {[%emt 0:00:00]} 43. Nxe5 {[%emt 0:00:00]} Rxe5 {[%emt 0:00:00]} 44. Nd4 {[%emt 0:00:00]} Bg4 {[%emt 0:00:00]} 45. Rc1 {[%emt 0:00:00]} f3 {[%emt 0:00:00]} 46. Kf2 {[%emt 0:00:00]} Re2+ {[%emt 0:00:00]} 47. Nxe2 {[%emt 0:00:00]} fxe2+ {[%emt 0:00:00]} 48. Kg2 {[%emt 0:00:00]} Rf1 {[%emt 0:00:00]} 0-1

[Event "Top 12 FRA-chT 2017"]
[Site "Chartres"]
[Date "2017.05.27"]
[Round "10"]
[White "Wojtaszek, Radoslaw"]
[Black "Brochet, Philippe"]
[Result "1-0"]
[WhiteElo "2734"]
[BlackElo "2409"]
[Annotator "TA"]
[PlyCount "45"]
[EventDate "2017.??.??"]
[EventType "team-tourn"]
[EventCountry "FRA"]
[SourceTitle "playchess.com"]
[Source "ChessBase"]
[SourceQuality "1"]
[WhiteTeam "Clichy"]
[BlackTeam "Montpellier"]

{[%evp 10,45,37,27,82,86,77,66,81,37,69,72,83,68,112,85,185,169,200,180,185,183,189,149,291,262,438,454,918,936,1224,894,1721,1721,1940,1883,29994,29995]} 1. d4 d5 2. c4 dxc4 3. e3 Nf6 4. Bxc4 a6 5. Nf3 b5 6. Bd3 {LiveBook: 106 Games} Bg4 {D25: Queen's Gambit Accepted: 4 e3: sidelines and 4...Bg4} (6... Bb7 $11 {keeps the balance.}) (6... Bb7 7. O-O e6 8. a4 b4 9. Nbd2 c5 10. Qe2 cxd4 11. exd4 Be7 12. Nc4 a5 13. Nce5 O-O 14. Bg5 Nbd7 15. Rac1 h6 16. Bf4 Nd5 {0-1 (65) Lorparizangeneh,S (2524)-Idani,P (2576) Teheran 2017}) 7. a4 $146 ({Predecessor:} 7. Nbd2 Nc6 8. a4 b4 9. b3 e5 10. Qc2 Qd7 11. dxe5 Nd5 12. Bb2 Be7 13. O-O Rc8 14. Bxa6 Bf5 15. e4 Bxe4 16. Nxe4 {1-0 (16) Aguilar,N (1930)-Medina Barrios,L (1428) Ibague 2013}) 7... b4 8. Nbd2 {[%cal Bb1d2,Bd2c4,Bc4e5,Be5c6][%mdl 32]} c5 {White is slightly better.} 9. Nc4 Nbd7 10. h3 Bxf3 11. Qxf3 cxd4 12. exd4 {Hoping for Bf4.} g6 (12... e6 $16) 13. Bd2 $18 a5 14. Ne5 Bg7 15. Nc6 Qb6 16. Bb5 $40 {[%mdl 128] White wants a kill.} Rc8 (16... O-O $16) 17. O-O e6 $2 {[#]} (17... Rxc6 18. Qxc6 O-O) 18. Rac1 Rc7 (18... Rxc6 $142 19. Rxc6 Qd8) 19. Bf4 Rc8 20. Rfe1 Ra8 21. Bd6 Bf8 22. Ne5 {[#] White wants to mate with Bxd7+.} Qa7 23. Bxd7+ {Precision: White = 85%, Black = 21%.} 1-0